000 00540nam a22002057a 4500
003 OSt
005 20260514111931.0
008 260514b |||||||| |||| 00| 0 eng d
020 _a978-93-87942-10-3
040 _cSBCL
082 _a894.81209
_bUNN-B
100 _aUnnikrishnan,A.M
245 _aBalamaniamma Patanangal
260 _aKottayam
_bCurrent Books
_c2018
300 _a366p.
630 _xLiterature
650 _aLiteratures of other languages
650 _aAltaic, Uralic, Hyperborean & Dravidian
942 _cBOOK
999 _c138154
_d138154